Esquema para el análisis político /

Gardado en:
Detalles Bibliográficos
Autor Principal: Easton, David (autor)
Formato: Libro
Idioma:Lingua castelá
Publicado: Buenos Aires, Argentina : Amorrortu, 1996, c1969
Series:(Biblioteca de Sociología)
Temas:
Etiquetas: Engadir etiqueta
Sen Etiquetas, Sexa o primeiro en etiquetar este rexistro!

MARC

LEADER 00000nam^a2200000^a^4500
001 000026100
005 20250521000000.0
009 20260310084717.718
020 |a 950-518-025-X 
037 |a Acervo ITESO - Biblioteca 
041 |a ESP 
082 |a 320. 01  |b EAS 
100 |a Easton, David  |e (autor) 
245 1 0 |a Esquema para el análisis político /  |c D. Easton ; tr. por Aníbal C. Leal. 
264 4 |a Buenos Aires, Argentina :  |b Amorrortu,  |c 1996, c1969 
300 |a 187 p. 
336 |a texto  |b txt  |2 rdacontenido 
337 |a sin mediación  |b n  |2 rdamedio 
338 |a volumen  |b nc  |2 rdasoporte 
440 1 |a (Biblioteca de Sociología) 
500 |a Traducción de: A Framework for Political Analysis 
649 |a XX 
650 |a Comportamiento Político -  |x Teoría -  |x Tema Principal 
650 |a Sistema Político -  |x Tema Principal 
650 |a Teoría de Sistemas 
650 |a Política -  |x Teoría 
910 |a Fondo General 
920 |a Impresos - Libros 
930 |a Colección General 
905 |a 101 
901 |a 0261000200  |b IT1  |c ACC  |i 906769  |u 20250521 
901 |a 0500009065  |b IT1  |c ACC  |u 20250521 
901 |a 0500006144  |b IT1  |c ACC  |u 20250521 
902 |a https://opac.biblio.iteso.mx/vufind/Record/000026100